LEADER 01135nam a2200253 u 4500 001 000000089099 003 CaOOAMICUS 005 20070226124600.0 008 051110s1945 it u000 u ita u 035 $a11068006 040 $aPUL(R)$bita 100 1 $aToniolo, Giuseppe,$d1845-1918.$0(OLS)http://pul/name/2458 245 13$aIl concetto cristiano di democrazia /$cGiuseppe Toniolo. 260 $aRoma :$bColetti,$c1945. 300 $a78 p. ;$c20 cm 490 1 $aCollana di studi sociali moderni ;$v6 610 24$aDemocrazia cristiana.$0(OLS)http://pul/subject/2063 830 0$aCollana di studi sociali moderni ;$v6.$0(OLS)http://pul/title/38287 850 $aPUL 852 $aPUL$W1$xDP1 Fondo Pastorale$y55$mP7 C 7$j112720$nBK-PRI$b $qFondi$B112720$CPULBib$Z2$F112720 $HPUL3095 $81 852 $aPUL$W1$xDP1 Fondo Pastorale$y55$mP13 B 202$j112721$nBK-PRI$b $qFondi$B112721$CPULBib$Z2$F112721 $H $81 941 1 $a1 996 $6245$aIl concetto cristiano di democrazia$9(OLS)http://pul/title/115088 996 $6260$aRoma :$bColetti$9(OLS)http://pul/publisher/47921 LEADER 01406nam a2200301 a 4500 001 000000135733 003 CaOOAMICUS 005 20131010095831.0 008 131010s2013 gw cf u001 u eng r 020 $a978-3-16-152543-8 040 $aPUL$bita 100 1 $aStanton, Graham N.$0(OLS)http://pul/name/30033 245 10$aStudy in Matthew and early christianity /$cGraham Stanton ; edited by Markus Bockmuehl and David Lincicum. 260 $aTübingen :$bMohr Siebeck,$cİ2013. 300 $aXI, 483 p., [1] p. di tav. :$britr. ;$c24 cm. 490 1 $aWissenschaftliche Untersuchungen zum Neuen Testament ;$v309 504 $aBibliografia in nota e indici. 630 04$aBiblia.$pN.T.$pMatthaeus$xCritica e interpretazione.$0(OLS)http://pul/subject/37789 700 1 $aBockmuehl, Markus.$0(OLS)http://pul/name/35782 700 1 $aLincicum, David.$0(OLS)http://pul/name/87404 830 0$aWissenschaftliche Untersuchungen zum Neuen Testament ;$v309.$0(OLS)http://pul/title/8628 850 $aPUL 852 $aPUL$W1$xSL Religione 1$y3$m16 H 309$j156528$qStampati$B155876$CPULBib$Z2$F155876 $H122984 $82 941 1 $a8 996 $6020$a978-3-16-152543-8$9(OLS)http://pul/number/153706 996 $6245$aStudy in Matthew and early christianity$9(OLS)http://pul/title/171601 996 $6260$aTübingen :$bMohr Siebeck$9(OLS)http://pul/publisher/52004